000 01496nam a2200229Ia 4500
003 Ost
005 20260507075353.0
008 260507s9999||||xx |||||||||||||| ||und||
020 _a5196328977
040 _cfsecg
041 _aara
082 _a330
100 _aعبد الخالق، السيد أحمد
_eمؤلف
245 0 _aالإقتصاد السياسي لحماية حقوق الملكية الفكرية في ظل اتفاق التربسTRIPS /
_c السيد أحمد عبد الخالق
260 _aالإسكندرية:
_bدار الجامعة الجديدة,
_c2006
300 _a294 صفحة؛
_bإيضاحات ؛
_c24 سم
520 _aنبذة عن تطور حماية حقوق الملكية الفكرية- خصائص حماية حقوق الملكية الفكرية في اطار التربسTRIPS- دوافع عولمة حماية حقوق الملكية الفكرية- حماية حقوق الملكية الفكرية والمنافسة العالمية- حماية حقوق الملكية الفكرية والبحث العلمي والإبتكار- حماية حقوق الملكية الفكرية والإستثمار الأجنبي- حماية حقوق الملكية الفكرية ونقل التكنولوجيا- حماية حقوق الملكية الفكرية والتنمية الزراعية
653 _aالإقتصاد السياسي
653 _aالملكية الفكرية
653 _aبراءة الإختراع
942 _cكتاب
999 _c44157
_d44157